Представление документа в формате MARC21

Поле Инд. ПП Название Значение
Тип записи a
Библиографический уровень m
001 _ Контрольный номер RU/URAIT/477990
005 _ Дата корректировки 20250915104108.9
008 Кодируемые данные 210712s2021 RU y f j 000 0 rus u
020 a ISBN 978-5-534-14607-3
c Цена, тираж 1219.00
040 a Служба первич. каталог. ИКО Юрайт
c Служба, преобразующая запись ИКО Юрайт
e Правила каталог. RCR
041 a Код языка текста rus
044 a Код страны публикации RU
080 a Индекс УДК 34(075.8)
084 2 Источник индекса rubbk
a Индекс другой классификации/Индекс ББК 67я73
100 1_ a Автор Ручкина Гульнара Флюровна
q Полное имя Гульнара Флюровна
245 a Заглавие Предпринимательское право
b Продолж. заглавия Учебник и практикум для вузов
c Ответственность Ручкина Г. Ф. [и др.] ; под ред. Ручкиной Г.Ф.
256 a Характеристики компьютерного файла Электрон. дан.
260 a Место издания Москва
b Издательство Юрайт
c Дата издания 2021
300 a Объем 401 с
440 a Серия Высшее образование
500 a Примечание URL: https://urait.ru/bcode/477990 (дата обращения: 23.11.2021).
520 a Аннотация В курсе подробно рассмотрены вопросы, касающиеся понятия и признаков предпринимательской деятельности, правового положения субъектов предпринимательской деятельности, правового режима имущества, государственного регулирования предпринимательской деятельности, а также особенностей осуществления отдельных видов предпринимательской деятельности. Для лучшего усвоения материала каждая тема курса завершается практикумом, который включает вопросы и задания для самоконтроля, практико-ориентированные задания, список рекомендуемой литературы. Соответствует актуальным требованиям федерального государственного образовательного стандарта высшего образования. Курс предназначен для использования в учебном процессе по направлению подготовки «Юриспруденция» (уровень бакалавриата) в образовательных организациях высшего образования.
538 a Прим. о системных особенностях Режим доступа: Электронно-библиотечная система Юрайт, для авториз. пользователей
653 a Ключевые слова Предпринимательское и коммерческое право
653 a Ключевые слова Право. Юриспруденция.
653 a Ключевые слова Предпринимательское право
653 a Ключевые слова Основы предпринимательского права
700 1_ a Другие авторы Антонова Елена Геннадьевна
q Полное имя Елена Геннадьевна
700 1_ a Другие авторы Белоусов Андрей Леонидович
q Полное имя Андрей Леонидович
700 1_ a Другие авторы Беседкина Наталья Ивановна
q Полное имя Наталья Ивановна
700 1_ a Другие авторы Бочкова Светлана Сергеевна
q Полное имя Светлана Сергеевна
700 1_ a Другие авторы Венгеровский Евгений Леонидович
q Полное имя Евгений Леонидович
700 1_ a Другие авторы Григорович Елена Валерьевна
q Полное имя Елена Валерьевна
700 1_ a Другие авторы Дахненко Светлана Сергеевна
q Полное имя Светлана Сергеевна
700 1_ a Другие авторы Демченко Максим Владимирович
q Полное имя Максим Владимирович
700 1_ a Другие авторы Залюбовская Наталья Валерьевна
q Полное имя Наталья Валерьевна
700 1_ a Другие авторы Исмаилов Исмаил Шапурович
q Полное имя Исмаил Шапурович
700 1_ a Другие авторы Матвеева Наталья Алексеевна
q Полное имя Наталья Алексеевна
700 1_ a Другие авторы Овчинников Алексей Александрович
q Полное имя Алексей Александрович
700 1_ a Другие авторы Павликов Сергей Герасимович
q Полное имя Сергей Герасимович
856 40 u URL https://urait.ru/bcode/477990
x Примечание для ЭОР https://urait.ru/book/cover/2B37CD96-5622-412C-8D1A-68C53B38B550
z Примечание для пользователя Участвует в КО
856 41 u URL https://urait.ru/book/cover/2B37CD96-5622-412C-8D1A-68C53B38B550